Quản lý sự thay đổi và chuyển tiếp Managing Change and Transition
Tổng hợp những thông tin cần thiết về việc quản lý thay đổi trong các tổ chức. Từ những tình huống kinh doanh và bí quyết thực tế để giải quyết những biến động do thay đổi gây ra, cách thực hiện thành công quá trình thay đổi và giảm t...
Bewaard in:
| Hoofdauteur: | |
|---|---|
| Andere auteurs: | |
| Formaat: | Boek |
| Taal: | Undetermined |
| Gepubliceerd in: |
Tp. Hồ Chí Minh
Tổng hợp Tp.HCM
2005
|
| Onderwerpen: | |
| Online toegang: | http://lrc.tdmu.edu.vn/opac/search/detail.asp?aID=2&ID=20706 |
| Tags: |
Voeg label toe
Geen labels, Wees de eerste die dit record labelt!
|
| Thư viện lưu trữ: | Trung tâm Học liệu Trường Đại học Thủ Dầu Một |
|---|
| LEADER | 01254nam a2200229Ia 4500 | ||
|---|---|---|---|
| 001 | TDMU_20706 | ||
| 008 | 210410s9999 xx 000 0 und d | ||
| 082 | |a 658.4 | ||
| 090 | |b TR121 | ||
| 100 | |a Trần, Thị Bích Nga | ||
| 245 | 0 | |a Quản lý sự thay đổi và chuyển tiếp | |
| 245 | 0 | |b Managing Change and Transition | |
| 245 | 0 | |c Trần Thị Bích Nga, Phạm Ngọc Sáu biên dịch; Nguyễn Văn Quì hiệu đính | |
| 260 | |a Tp. Hồ Chí Minh | ||
| 260 | |b Tổng hợp Tp.HCM | ||
| 260 | |c 2005 | ||
| 300 | |a 151tr. | ||
| 520 | |a Tổng hợp những thông tin cần thiết về việc quản lý thay đổi trong các tổ chức. Từ những tình huống kinh doanh và bí quyết thực tế để giải quyết những biến động do thay đổi gây ra, cách thực hiện thành công quá trình thay đổi và giảm thiểu thiệt hại xảy ra... | ||
| 650 | |a Giải pháp kinh doanh; Kinh doanh |x Sự thay đổi | ||
| 700 | |a Phạm, Ngọc Sáu | ||
| 856 | |u http://lrc.tdmu.edu.vn/opac/search/detail.asp?aID=2&ID=20706 | ||
| 980 | |a Trung tâm Học liệu Trường Đại học Thủ Dầu Một | ||